Missing Word: X-Raided Songs Quiz Stats

 Plays Quiz Updated Nov 29, 2016

Support Sporcle.
Go Orange.
Score 0/24 Timer 04:00
1 Play Today
Song Title Missing Word % Correct
____ And I Know ItSexy
89.6%
______ HealingSexual
86.3%
All My Ex's Live In ____Texas
83.8%
Big Yellow ____Taxi
74.8%
I'm So _______Excited
60.3%
The ____ Time I FallNext
57.8%
The Night They Drove Old _____ DownDixie
55%
______ YourselfExpress
54.9%
_____ LadyFoxey
48%
Squeeze ___Box
47.1%
Sittin' In The Lap Of ______Luxury
47.1%
Every Day is ________ the SameExactly
45.9%
Song Title Missing Word % Correct
Happy ____ (War Is Over)Xmas
44.9%
When I'm _____-____Sixty-four
42.1%
Don't ______ Me To Be Your FriendExpect
41.5%
By The Time I Get To _______Phoenix
34.5%
___ YouFix
31.7%
_____ EmotionsMixed
27.2%
Ignition (_____)Remix
26.4%
I Go To ________Extremes
26.3%
Yo (______ Me Miss)Excuse
22.2%
_______ RadioMexican
16.8%
You're _______Sixteen
16.6%
___ HumanaVox
11%

Today's Daily Dose

You're not logged in!

Compare scores with friends on all Sporcle quizzes.
OR
Log In

From the Vault

Christmas Flags

by sproutcm

They forgot to put presents under the tree on that flag.
Remove Ads.
Support Sporcle.
Get the best of Sporcle when you Go Orange. This ad-free experience offers more features, more stats, and more fun while also helping to support Sporcle. Thank you for becoming a member.

Show Comments

Extras

Top Quizzes Today


Score Distribution

Your Account Isn't Verified!

In order to create a playlist on Sporcle, you need to verify the email address you used during registration. Go to your Sporcle Settings to finish the process.

Report this User

Report this user for behavior that violates our Community Guidelines.

Details: